| 000 | 00678cam a22002291 4500 | ||
|---|---|---|---|
| 001 | he 67002393 | ||
| 003 | DLC | ||
| 005 | 20260227111452.0 | ||
| 008 | 840322s1965 is j 000 0 heb | ||
| 010 | _ahe 67002393 | ||
| 035 | _a(OCoLC)19150383 | ||
| 040 |
_aDLC _cMH _dDLC |
||
| 042 | _apremarc | ||
| 050 | 0 | 0 |
_aPZ90.H3 _bG66 |
| 100 | 1 |
_aGrahame, Kenneth, _d1859-1932. |
|
| 245 | 1 | 3 |
_aha-Ruaḥ be-ʻarve ha-naḥal / _ctargum Yonatan Raṭosh. |
| 260 |
_a[Tel Aviv] : _bMaḥbarot le-sifrut, _c[1965] |
||
| 300 |
_a256 p. : _bill. ; _c24 cm. |
||
| 500 | _aTranslation of The wind in the willows. | ||
| 700 | 1 |
_aRatosh, Yonathan, _d1908-1981. |
|
| 752 |
_aIsrael _dTel Aviv |
||
| 999 |
_c32792 _d32792 |
||